Guía de antidrepesivos de sentirse bien (Registro nro. 5638)

Detalles MARC
000 -Cabecera
Campo de control de longitud fija 00609ata a2200241 4500
005 - Fecha y hora de la última transacción
Campo de control 20250821183527.0
008 - Elementos de longitud fija--Información general
Campo de control de longitud fija 150519b2001 xxu||||| |||| 00| 0 spa d
020 ## - International Standard Book Number
Número Internacional Estándar del Libro (ISBN) 8449310210
041 ## - Idioma
Código de idioma Español
082 ## - Clasificación Decimal Dewey
Número de clasificación 616.891.8 B967g
100 ## - Entrada principal--Autor personal
Nombre personal Burns, David
9 (RLIN) 21492
245 ## - Título propiamente dicho
Título Guía de antidrepesivos de sentirse bien
260 ## - Pie de imprenta
Lugar de publicación, distribución, etc. España
260 ## - Pie de imprenta
Nombre del editor, distribuidor, etc. Editorial Paidós
260 ## - Pie de imprenta
Fecha de publicación, distribución, etc. 2001
300 ## - Descripción física
Extensión 255 páginas
490 ## - Serie
Título de la Serie Temática General
650 ## - Materia general
Temática (materia general) TERAPIA FARMACOLÓGICA
650 ## - Materia general
Temática (materia general) DEPRESIÓN
650 ## - Materia general
Temática (materia general) ANTIDEPRESIVOS
650 ## - Materia general
Temática (materia general) RELACIÓN MENTE-CUERPO
942 ## - Punto de acceso adicional KOHA
Tipo de ítem KOHA Libro
Fuente del sistema de clasificación o colocación Dewey Decimal Classification
Existencias
Signatura completa Código de barras Programa Académico Tipo de ítem
616.891.8 B967g 9546 Temática General Libro